=LDR 00000nam 2200000 4500 =001 INLIS000000000040549 =005 20130612150119 =008 ***********************************Ind** =035 ##$$a0010-061300000040549 =041 ##$$a Ind =082 ##$$a 616.462 =090 ##$$a 616.462 , Fox b =100 ##$$a FOX, Charles =245 ##$$a Bersahabat dengan diabetes tipe 2 , Charles Fox =260 ##$$a 2011 $b Jakarta =300 ##$$a 259 hlm. , ilus , 23 cm =650 ##$$a DIABETES =700 ##$$a KILVERT, Anne =850 ##$$a NBPNMAT =990 ##$$a 94134/BPAP-NTB/2014